Výročná správa ... burza cenných papierov v Bratislave

Bibliographic Details
Format: Journal
Language:Slovak
English
PhysicalDescription:zv. fotogr., grafy, tab. 30 cm
Published: Bratislava Burza cenných papierov [1998-2007]
Subjects:

MARC

LEADER 00000cas a2200000 a 4500
001 vtls001473708
003 SK-MaSNL
005 20260425194101.0
008 040423d19982007xo ar|p r 0 0b0slo
015 |a SNBB2005/02-00404 (r. 2001)  |a SNBB2005/02-00405 (r. 2002) 
035 |a SNK000429010 
040 |a SNK  |b slo  |c SNK  |e AACR2 
041 0 |a slo  |a eng 
043 |a e-xo--- 
044 |a xo  |c SK 
080 |a (437.6)  |2 2011 
080 |a 336.76  |2 2011 
080 |a 050  |2 2001 
245 0 0 |a Výročná správa ...  |b burza cenných papierov v Bratislave 
246 1 1 |a Annual Report ... 
246 1 3 |a Výročná správa - Burza cenných papierov 
246 1 3 |a Burza cenných papierov - výročná správa 
260 |a Bratislava  |b Burza cenných papierov  |c [1998-2007] 
300 |a zv.  |b fotogr., grafy, tab.  |c 30 cm 
310 |a 1x ročenka 
362 0 |a [1998-2007]  |z BA001 
500 |a Do r. 1999 spracované ako monografia 
500 |a Súčasťou názvu je označenie bežného roku 
500 |a Názov z obalu 
546 |a Text aj v angl. 
610 2 7 |a Burza cenných papierov (Bratislava, Slovensko)  |2 SNKKA  |9 32043 
650 0 7 |a kapitálové trhy  |2 SNKPH  |9 2270 
650 0 7 |a burzy cenných papierov  |2 SNKPH  |9 17727 
651 7 |a Slovensko  |2 SNKPHgeo  |9 14231 
655 7 |a výročné správy  |2 SNKPH  |9 70580 
850 |a Slovenská národná knižnica v Martine 
910 |a snk 
999 |c 3571  |d 5501 
952 |a SNK  |b SNK  |y PREZ  |7 0  |p 17A0416329  |o snkČSB 4976/2002  |i snkPV 483/2004  |0 0  |1 0  |4 0  |d 2004-04-26  |l 0  |r 2005-01-02 00:00:00  |w 2026-02-21 
952 |a SNK  |b SNK  |y PREZ  |7 0  |p 17A0228453  |o snkČSB 4976/1998  |i snkKSP 1969/2000  |0 0  |1 0  |4 0  |d 2000-02-14  |l 0  |r 2005-01-02 00:00:00  |w 2026-02-21 
952 |a SNK  |b SNK  |y PREZ  |7 0  |p 17A0416341  |o snkČSB 4976/2001  |i snkPV 497/2004  |0 0  |1 0  |4 0  |d 2004-04-23  |l 0  |r 2005-01-02 00:00:00  |w 2026-02-21 
952 |a SNK  |b SNK  |y PREZ  |7 0  |p 17A0416342  |o snkČSB 4976/2001 D1  |i snkPV 498/2004  |0 0  |1 0  |4 0  |d 2004-04-23  |l 0  |r 2005-01-02 00:00:00  |w 2026-02-21 
952 |a SNK  |b SNK  |y PREZ  |7 0  |p 17A0416330  |o snkČSB 4976/2002 D1  |i snkPV 484/2004  |0 0  |1 0  |4 0  |d 2004-04-26  |l 0  |r 2005-01-02 00:00:00  |w 2026-02-21 
952 |a SNK  |b SNK  |y PREZ  |7 0  |p 17A0266100  |o snkČSB 4976/1999  |i snkKSP 939/2001  |0 0  |1 0  |4 0  |d 2001-01-18  |l 0  |r 2005-01-02 00:00:00  |w 2026-02-21